| 000 | 00545nam a22001817a 4500 | ||
|---|---|---|---|
| 999 |
_c172370 _d172370 |
||
| 005 | 20200204141648.0 | ||
| 010 | _aENG-127629 | ||
| 020 |
_a9789380200712 _c199.00 |
||
| 035 | _aEN-111161 | ||
| 037 | _bDBAD/PUB | ||
| 082 | _a332.6 | ||
| 100 | _aChauhan,Manish | ||
| 245 |
_aWinning Investor's Handbook / _bby Manish Chauhan |
||
| 260 |
_aMumbai _bBestsellers18 _c2013 |
||
| 270 |
_bMumbai _aB-23,Royal Industrial Estate,5-B, Naigun Cross Road,Wadala _e400013 |
||
| 300 |
_a147p. _b18cm(pbk) |
||
| 942 |
_2ddc _cEN _h332.6 _mCHA |
||